| 000 | 00352nam a2200133Ia 4500 | ||
|---|---|---|---|
| 008 | 240624s9999 xx 000 0 und d | ||
| 041 | _aeng | ||
| 082 | _a174 JOH | ||
| 100 | _aJOHNSON LARRY | ||
| 245 | _aABSOLUTE HONESTY BUILDING A CORPORATE CU | ||
| 260 |
_c2008 _aNew Delhi _bPrentice-Hall of India |
||
| 300 | _a292 : p. : cm. ; 24 | ||
| 365 |
_cRS _b36 |
||
| 999 |
_c9888 _d9888 |
||